000 02057nam a22002417a 4500
005 20211104113122.0
008 211104b ||||| |||| 00| 0 eng d
020 _a0306810638
040 _cAL
041 _aeng
082 _223
_a940.5
_bVINH
100 _aRichard Vinen
_99673
245 _aHistory in Fragments: Europe in the Twentieth Century
260 _aCambridge
_bDa Capo Press
_c2000
300 _axiii,628 p.
_bHB
_c24x16 cm.
520 _aThe problem with the history of twentieth-century Europe is that we all think we know it. The great stories of the century—the two world wars, the rise and fall of Nazism and Communism—seem self-evident in their importance. But behind the politics and the ideologies lies another history: the history of forces that shaped the lives of individual Europeans…and the lives of men and women around the world. (Americans need only think of the way that the history of Europe has shaped the flow of immigrants to the U.S. and thereby altered our nation's history.)Richard Vinen contends that there is no single history that encompasses the experience of the century, but rather a multiplicity of different, interlocking histories—stories not only of politics and military movements, but also of culture, religion, sex, and demographics, related here with an unmatched eye for the telling detail and spiced with memorable anecdotes. As the Sunday Telegraph put it: "Vinen moves effortlessly from social and economic issues to politics, from ideology to military history. . . . The writing is lively, the enthusiasm infectious, and the gift for bold, epigrammatic summary genuinely impressive." A canvas encompassing both the broad and the particular, this is a major work of history—and history writing at its best.
_uhttps://sites.google.com/a/ht.books-now.com/en241/9780306811791-65pasliGEcani67
650 _aHistory
_99674
650 _aSocial Conditions
_99675
650 _aPolitics and Government
_99676
651 _aEurope
_99677
700 _aVINEN (Richard)
_99678
942 _2ddc
_cGF
999 _c220377
_d220377